Регионална библиотека "Любен Каравелов" - Русе

Дарете си здраве и щастие (Запис номер 9922)

MARC детайли
000 -Лидер
Контролно поле с фиксирана дължина 01825nam a2200385 c 4500
003 - Код на организацията, давaща контролен номер
Контролно поле BLK
005 - Дата и час на последна редакция
Контролно поле 20200810082547.0
008 - Елементи от данни с фиксирана дължина
fixed length control field 180412b bul|||||r ||||||| ||bul||
010 ## - Наследен системен номер
LC control number KNG00011366000
020 ## - Международен стандартен номер на книга ISBN
Международен стандартен номер на книга ISBN 954-562-036-6
040 ## - Източник на каталожния запис
Идентификатор на билиотеката - собственик на записа BLK
041 ## - Код за език
Код за езика на текст/звукозапис или на отделно заглавие Български
Код за езика КДБФ Български
080 ## - УДК
Текстов определител УДК Хигиена на духовния живот. Вж и 613.8
УДК код - определител по УДК 159.913
УДК определител (035)
УДК - код + определител 159.913(035)
080 ## - УДК
Текстов определител УДК Безсъзнателно и подсъзнателно
УДК код - определител по УДК 159.964
УДК определител (035)
УДК - код + определител 159.964(035)
080 ## - УДК
Текстов определител УДК Хигиена на нервната система. Психическа и нравствена хигиена. Вж и 178 ; 351.76
УДК код - определител по УДК 613.8
УДК определител (035)
УДК - код + определител 613.8(035)
100 1# - Редна дума - Автор
Автор Деньоф, Тристан
Авторска отговорност първи автор
R(LIN) 60065
139 ## - Редно поле
Редна дума Деньоф, Тристан
Авторски знак Дени - Д 43
245 10 - Сведения за заглавието
Заглавие Дарете си здраве и щастие
Подзаглавни данни Ез. на подсъзнанието - техники и упражнения
Редно поле (дума) Тристан Деньоф.
257 ## - Страна на издаване
Страна на създаване/издаване България
260 ## - Област на издателските данни
Име на издателя, разпространителя и проч. Астрала
Година на издаване 1995
Печатница Хасково : Развитие
300 ## - Физическа характеристика
Страници 159 с.
Размери/Мащаб 20 см
380 ## - Жанр
Жанр Философия
500 ## - Общи забележки
Забележка Тристан Деньов - псевд. на бълг. авт ; 850 тир
650 #4 - Допълнително описание по предмет – тема
Основно описание – тема или топоним Психохигиена - наръчници и ръководства
9 (RLIN) 168433
650 #4 - Допълнително описание по предмет – тема
Основно описание – тема или топоним Подсъзнание - упражняване - наръчници и ръководства
9 (RLIN) 254967
650 #4 - Допълнително описание по предмет – тема
Основно описание – тема или топоним Медитация - наръчници и ръководства
9 (RLIN) 242290
650 #4 - Допълнително описание по предмет – тема
Основно описание – тема или топоним Самовнушение - наръчници и ръководства
9 (RLIN) 170151
653 ## - Ключова дума – ненормативна
Ключова дума здраве
653 ## - Ключова дума – ненормативна
Ключова дума медитация
852 ## - Местоположение
Форматна сигнатура Цб 300664
856 4# - Електронен адрес и достъп
Електронен формат pdf - файл
Път до файла /url/
856 4# - Електронен адрес и достъп
Електронен формат pdf - файл
Път до файла /url/
999 ## - СИСТЕМНИ КОНТРОЛНИ НОМЕРА
Koha biblionumber 9922
Koha biblioitemnumber 9922
942 ## - АРТИКУЛИ
Вид на библиотечния материал Книги
Скрит в OPAC Не
Периодичен библиозапис Да
944 ## - СЪЗДАВАНЕ И РЕДАКЦИЯ на ЗАПИСА
Създаване/Редакция Създаване
Дата на регистрацията/редакция 15.01.2003
Служител, извършил регистрацията/редакцията Геновева_Генчева
944 ## - СЪЗДАВАНЕ И РЕДАКЦИЯ на ЗАПИСА
Създаване/Редакция Редакция
Дата на регистрацията/редакция 28.08.2004
999 ## - СИСТЕМНИ КОНТРОЛНИ НОМЕРА
Koha biblioitemnumber 9922
Наличности
Код за отписване Код за изгубен артикул Източник на класификационната схема Код за повреда Коз за рестрикции Код за отдаване Артикулен № Име на библиотеката - собственик Име на библиотеката, в която се намира в момента Статус (Текущо местоположение) Дата на вписване в системата Местоположение - отдел Цена в лева Инвентарен номер Систематично азбучна сигнатура Баркод Номер на екземпляра Цена в евро Служебна бележка Служебен тип на артикула
Изтеглен Не е изгубен Universal Decimal Classification Не е повреден без рестрикции заемане за дома 17232 Регионална библиотека "Любен Каравелов" Русе Регионална библиотека "Любен Каравелов" Русе Заемна - подръчен фонд 2001-01-01 Заемна - подръчен фонд 0.00 616292 П 159.9/Д 43 616292 1 0.00 Дост: Pk Вид: Ф N: стар фонд Дата: 01.01.1995 Книги
Изтеглен Не е изгубен Universal Decimal Classification Не е повреден без рестрикции заемане за дома 17233 Регионална библиотека "Любен Каравелов" Русе Регионална библиотека "Любен Каравелов" Русе Заемна - подръчен фонд 2001-01-01 Заемна - подръчен фонд 0.00 616293 П 159.9/Д 43 616293 2 0.00 Дост: Pk Вид: Ф N: стар фонд Дата: 01.01.1995 Книги
  Не е изгубен Universal Decimal Classification Не е повреден само за читалня ползва се в читалня 756576 Регионална библиотека "Любен Каравелов" Русе Регионална библиотека "Любен Каравелов" Русе Хранилище 2020-03-20 Основен фонд - ползва се само за читалня 7.00   Цб 300664 120000843256   3.58   Книги
Vip Innovations Ltd, Rousse, Bulgaria 2025